Top 30 : Lady Gaga - Statistiques

Statistiques générales
  • Ce quiz a été pris 198 fois
  • Le résultat moyen est 17 sur 30
Statistiques - réponses
Top Titres Featuring % Correct
2 Shallow Bradley Cooper
92%
8 Telephone Beyonce
91%
3 Poker Face
90%
5 Bad Romance
88%
1 Die With A Smile Bruno Mars
81%
11 Paparazzi
80%
6 Just Dance Colby O'Donis
78%
9 Judas
76%
16 Abracadabra
75%
7 Rain On Me Ariana Grande
74%
15 Alejandro
71%
12 Born This Way
71%
17 LoveGame
55%
4 Always Remember Us This Way
54%
13 Applause
53%
14 Bloody Mary
50%
24 Disease
49%
10 Million Reasons
46%
20 Sour Candy BLACKPINK
44%
23 The Edge Of Glory
44%
19 Stupid Love
40%
28 Monster
36%
30 911
35%
26 Perfect Illusion
33%
18 I'll Never Love Again Bradley Cooper
32%
25 I'll Never Love Again - Extended Version
32%
27 Yoü And I
27%
21 Hold My Hand
24%
22 The Cure
16%
29 Government Hooker
15%
Aucun quiz correspondant
Distribution des résultats
% des personnes avec chaque résultat
Percentile par nombre de réponses
Votre historique - résultats
Vous n’avez pas pris ce quiz